| 000 | 02561cam a2200277 a 4500 | ||
|---|---|---|---|
| 003 | EG-GiCUC | ||
| 005 | 20250223031955.0 | ||
| 008 | 180412s2018 ua f m 000 0 ara d | ||
| 040 |
_aEG-GiCUC _bara _cEG-GiCUC |
||
| 041 | 0 | _aara | |
| 049 | _aإهداء | ||
| 097 | _aماجستير | ||
| 099 | _aCai01.32.08.M.Sc.2018.سم.م | ||
| 100 | 0 | _aسمير محمد العلول | |
| 245 | 1 | 2 |
_aالمشكلات الاجتماعية الناجمة عن بطالة خريجى الجامعة : _bدراسة ميدانية على المحافظة الوسطى بقطاع غزة / _cسمير محمد العلول ؛ إشراف محمود فهمى الكردى |
| 246 | 1 | 5 |
_aSocial problems resulting from graduates unemployment : _bField study on middle governorate in Gaza strip |
| 260 |
_aالقاهرة : _bسمير محمد العلول : _c2018 |
||
| 300 |
_a164ص ؛ _c25سم |
||
| 502 | _aاطروحة (ماجستير) - جامعة الدول العربية - المنظمة العربية للتربية و الثقافة و العلوم - معهد البحوث و الدراسات العربية القاهرة - قسم الإجتماع | ||
| 520 | _aهدفت الرسالة الى التعرف على طبيعة المشكلات الاجتماعية الناجمة عن بطالة خريجى الجامعة فى المحافظة الوسطى فى قطاع غزة: و كذلك التعرف على حجم البطالة فى المجتمع الفلسطينى و مدى تأثيراتها السلبية على البناء المجتمعى: حيث يهدف هذا البحث الى الوصول الى تصور واقعى حول العلاقة بين البطالة: و المشكلات الاجتماعية. منهج الدراسة: المنهج الوصفى يعد من أكثر مناهج البحث مناسبة للعلوم الاجتماعية: و ترجع أهميته كما قال "هويثنى" الى الاهتمام بدراسة الحقائق الراهنة المتعلقة بطبيعة ظاهرة أو موقف ما أو مجموعة من الناس أو الأبحاث أو مجموعة من الأوضاع. أدوات الدراسة: استمارة الاستبيان. مجتمع الدراسة: اشتمل مجتمع الدراسة على المحافظة الوسطى بقطاع غزة: حيث يقطنها حوال 383 ألف نسمة | ||
| 700 | 0 |
_aمحمود فهمى الكردى : _eمشرف |
|
| 856 | _uhttp://172.23.153.220/th.pdf | ||
| 905 |
_aNazla _eRevisor |
||
| 905 |
_aSamia _eCataloger |
||
| 942 |
_2ddc _cTH |
||
| 999 |
_c65841 _d65841 |
||